| 000 | 00559nam a2200193Ia 4500 | ||
|---|---|---|---|
| 005 | 20250508153809.0 | ||
| 008 | 008 250505s9999 xx 000 0 eng d | ||
| 037 | _aTextual | ||
| 040 |
_aFEDL _beng _cFEDL |
||
| 041 |
_aeng _2eng |
||
| 084 |
_a371.26, LEH _qFEDL |
||
| 100 |
_aLehman Harvey C _985976 |
||
| 245 | 0 | _aAge and achievement | |
| 260 |
_aLondon, UK _bThe American Philosophical Society _c1953 |
||
| 300 | _axi,358p | ||
| 650 | _aEducational - Tests and Measurement | ||
| 942 |
_cTEXL _h371.26, LEH |
||
| 999 |
_c1345554 _d1345554 |
||